The Ottoman Empire and the world around it /

Saved in:

Main Author: Faroqhi, Suraiya, 1941- (Author)

Format: Book

Language: English

Published: London : New York : I.B. Tauris ; In the US and Canada distributed by Palgrave Macmillan, 2006.

Series: Library of Ottoman studies.

Subjects:

Tags: Add Tag

No Tags, Be the first to tag this record!

Call Number: DR486 .F37 2006

LEADER 01612namaa2200337 4500
001 12280
003 OSt
005 20240925090637.0
008 130303s2006 enkab b 001 0 eng d
952 |0 0  |1 0  |2 lcc  |4 0  |6 DR0486 F37 02006  |7 1  |9 58350  |a ARCE  |b ARCE  |d 2023-12-19  |l 0  |o DR486 .F37 2006  |p 1010679  |r 2023-12-19 00:00:00  |w 2023-12-19  |y BK 
999 |c 10736  |d 10736 
010 |a 2005297308 
020 |a 1845111222 
040 |c ARCE Library 
043 |a a-tu---  |a e------  |a a------ 
050 4 |a DR486 .F37 2006 
100 1 |a Faroqhi, Suraiya,  |d 1941-  |e author  |9 29856 
245 1 4 |a The Ottoman Empire and the world around it /  |c Suraiya Faroqhi. 
264 1 |a London :   |b I.B. Tauris ;  |a New York :  |b In the US and Canada distributed by Palgrave Macmillan,  |c 2006. 
300 |a xii, 290 pages :  |b illustrations, maps ;  |c 24 cm. 
490 0 |a Library of Ottoman studies. 
504 |a Includes bibliographical references (pages [220]-262) and index. 
505 0 |a On sovereignty and subjects: expanding and safeguarding the Empire -- On the margins of empire: clients and dependants -- The strengths and weaknesses of Ottoman warfare -- Of prisoners, slaves and the charity of strangers -- Trade and foreigners -- Relating to pilgrims and offering mediation -- Sources of information on the outside world 
555 |a .alaa-sweed 
651 0 |a Asia  |x Foreign relations  |z Turkey. 
651 0 |a Europe  |x Foreign relations  |z Turkey. 
651 0 |a Turkey   |x History  |y Ottoman Empire, 1288-1918. 
651 0 |a Turkey  |x Foreign relations  |z Asia. 
651 0 |a Turkey  |x Foreign relations  |z Europe. 
901 |a reviewed 
942 |c BK  |2 lcc